ARRUPE JESUIT UNIVERSITY

CORONAVIRUS -STOP THE SPREAD - CLEAN,DISINFECT,COVER

Land struggles and civil society in Southern Africa / (Record no. 120184)

MARC details
000 -LEADER
fixed length control field 02157cam a22003854a 4500
001 - CONTROL NUMBER
control field 16606786
003 - CONTROL NUMBER IDENTIFIER
control field ARRUPE
005 - DATE AND TIME OF LATEST TRANSACTION
control field 20140409020011.0
008 - FIXED-LENGTH DATA ELEMENTS--GENERAL INFORMATION
fixed length control field 110106s2011 njub b 001 0 eng
010 ## - LIBRARY OF CONGRESS CONTROL NUMBER
LC control number 2010054293
016 7# - NATIONAL BIBLIOGRAPHIC AGENCY CONTROL NUMBER
Record control number 015776675
Source Uk
020 ## - INTERNATIONAL STANDARD BOOK NUMBER
International Standard Book Number 9781592218158 (cloth)
020 ## - INTERNATIONAL STANDARD BOOK NUMBER
International Standard Book Number 1592218156 (cloth)
020 ## - INTERNATIONAL STANDARD BOOK NUMBER
International Standard Book Number 9781592218165 (pbk.)
020 ## - INTERNATIONAL STANDARD BOOK NUMBER
International Standard Book Number 1592218164 (pbk.)
035 ## - SYSTEM CONTROL NUMBER
System control number (OCoLC)ocn697277019
040 ## - CATALOGING SOURCE
Original cataloging agency DNAL/DLC
Transcribing agency DLC
Modifying agency YDX
-- YDXCP
-- CDX
-- UKMGB
-- YUS
-- OCLCO
-- DLC
042 ## - AUTHENTICATION CODE
Authentication code pcc
043 ## - GEOGRAPHIC AREA CODE
Geographic area code fs-----
050 00 - LIBRARY OF CONGRESS CALL NUMBER
Classification number HD1333.A356
Item number L363 2011
070 0# - NATIONAL AGRICULTURAL LIBRARY CALL NUMBER
Classification number HD1333.A356
Item number L363 2011
082 00 - DEWEY DECIMAL CLASSIFICATION NUMBER
Classification number 333.3/168
Edition number 22
300 ## - PHYSICAL DESCRIPTION
Other physical details maps ;
Dimensions 22 cm.
245 00 - TITLE STATEMENT
Title Land struggles and civil society in Southern Africa /
Statement of responsibility, etc edited by Kirk Helliker and Tendai Murisa.
260 ## - PUBLICATION, DISTRIBUTION, ETC. (IMPRINT)
Place of publication, distribution, etc Trenton, N.J. :
Name of publisher, distributor, etc Africa World Press,
Date of publication, distribution, etc c2011.
300 ## - PHYSICAL DESCRIPTION
Extent xi, 332 p. :
504 ## - BIBLIOGRAPHY, ETC. NOTE
Bibliography, etc Includes bibliographical references and index.
505 0# - FORMATTED CONTENTS NOTE
Formatted contents note Contemporary rural realities in Southern Africa / Tendai Murisa and Kirk Helliker -- Land reform and marginalised communities in the Eastern Cape countryside of post-apartheid South Africa / Kirk Helliker -- Social mobilisation of farm workers and dwellers in the Eastern Cape / Lalitha Naidoo -- Lacuna in rural agency: the case of Zimbabwe's agrarian reforms / Tendai Murisa -- The Haillom and Etosha: a case study of resettlement in Namibia / Ute Dieckmann -- Genesis and role of the peasant movement in Mozambique / Diamantino Nhampossa -- Winners and losers in land reforms in Botswana: the case of Ngamiland and Kgalagadi districts / Lapologang Magole and Joseph Mbaiwa -- Land reform in Zambia and civil society experiences / Henry Machina and Carol Sorenson -- Land rights in the Democratic Republic of Congo: a new model of rights for forest-dependent communities? / Cath Long.
650 #0 - SUBJECT ADDED ENTRY--TOPICAL TERM
Topical term or geographic name as entry element Land reform
Geographic subdivision Africa, Southern.
9 (RLIN) 9026
650 #0 - SUBJECT ADDED ENTRY--TOPICAL TERM
Topical term or geographic name as entry element Civil society
Geographic subdivision Africa, Southern.
9 (RLIN) 9027
700 1# - ADDED ENTRY--PERSONAL NAME
Personal name Helliker, Kirk.
9 (RLIN) 9028
700 1# - ADDED ENTRY--PERSONAL NAME
Personal name Murisa, Tendai.
9 (RLIN) 9029
906 ## - LOCAL DATA ELEMENT F, LDF (RLIN)
a 7
b cbc
c orignew
d 1
e ecip
f 20
g y-gencatlg
942 ## - ADDED ENTRY ELEMENTS (KOHA)
Source of classification or shelving scheme Library of Congress Classification
Koha item type Monograph ( Printed materials)
Koha issues (borrowed), all copies 1
Holdings
Withdrawn status Lost status Source of classification or shelving scheme Damaged status Not for loan Collection code Home library Current library Shelving location Date acquired Total Checkouts Full call number Barcode Date last seen Date checked out Price effective from Koha item type
    Library of Congress Classification     Main Collection ARRUPE LIBRARY ARRUPE LIBRARY Main Collection 07/03/2014 1 HD1333.A356 L363 2011 46500002099 08/05/2018 08/04/2014 07/03/2014 Monograph ( Printed materials)

 

Arrupe Library. PO Box MP320 Mt Pleasant, Harare, Zimbabwe
263 242 745411|librarian@aju.ac.zw